| АИС "Историко-культурное наследие Беларуси" | ||
| Базовый | Расширенный | Профессиональный | Словарь персоналий | Тематический словарь | По видам объектов | История запросов Заказы | Регистрация | |
Запись в MARC-формате
| копировать MARC-запись |
=LDR 00000nx\\c2200253\\\45\\
=001 BY-NLB-ar90440
=005 20160330095645.1
=100 \\$a20001231arusy50\\\\\\ca0
=152 \\$apsbo
=160 \\$ae-bw
=215 \\$aТрокели, агрогородок (Вороновский район)
=300 1\$aИзвестен с 15 в. В 1433 г. в составе имения Новый Двор. В 1567 г. центр войтовства Гераненского староства. С 1795 г. в составе Российской империи, в Виленской, с 1797 г. – Литовской, с 1801 г. – Гродненской, с 1842 г. – Виленской губерниях. В середине 19 в. имение в Жирмунской волости Лидского уезда Виленской губернии. По переписи 1886 г. – в Седлисской волости Ошмянского уезда. С 1919 г. – в БССР. С 1921 г. – в Польше, фольварк в Жирмунской гмине Лидского повета Новогрудского воеводства. С 1939 г. – в БССР. С 1940 г. центр сельсовета Лидского района Барановичской области. С 1959 г. – в Вороновском районе Гродненской области. С 1973 г. деревня в Бастунском сельсовете. С 23.04.2009 г. – агрогородок.
=356 \\$aНаходится в Бастунском сельсовете Вороновского района Гродненской области.
=515 \\$5w$3BY-NLB-ar90441$aТракелі, аграгарадок (Воранаўскі раён)
=801 \2$aBY$bBY-HM0000$c20151120
=801 \2$aBY$bBY-HM0000$c20080423
=801 \0$aBY$bBY-HM0000$c20001231
=801 \1$aBY$bBY-HM0000$c20040804
=810 \\$aБеларуская энцыклапедыя. У 18 т. Т. 15. — Мінск, 2002.
=810 \\$aГарады і вёскі Беларусі : энцыклапедыя. Т. 9. Гродзенская вобласць, кн. 1. — Мінск, 2015.
=810 \\$aНазвы населеных пунктаў Рэспублікі Беларусь : Гродзенская вобласць : нарматыўны даведнік. — Мінск, 2004.
=856 4\$uhttp://ate.nca.by/$zБД "Единый реестр административно-территориальных и территориальных единиц Республики Беларусь"$zДанные по состоянию на 20.11.2015.
=999 \\$g2786 NLB-NDARD$t20151120
=999 \\$g375$t20080423
Чтобы вернуться назад, щелкните кнопку BACK на Вашем браузере